000 00409nam a22001817a 4500
003 OSt
005 20220117142331.0
008 220117b |||||||| |||| 00| 0 eng d
020 _a0132409190
040 _cHU
082 _a620.0042
100 _aVoland Gerard
_928221
245 _aEngineering ByDesign
250 _a2ed
260 _aNew Jersey
_bNew Jersey
300 _f610
942 _2ddc
_cBOOKS
_n0
999 _c27337
_d27337